000 00874nam a22002777a 4500
001 BR8004846
003 BR-BrBNA
005 20230928090703.0
007 ta
008 230509b bl.||||| |||| 00| 0 por d
040 _aBR-BrBNA
_bpor
_cBiblioteca Nacional de Agricultura
041 _a(Por)
072 _aE70
_b/G514
090 _ E70 BR8004846
100 1 _aSchauenburg, J.R.
110 1 _aSecretaria de Estado da Industria e Comercio, Curitiba, PR (Brasil). Coordenadoria de Desenvolvimento Comercial
_98857
245 1 _aAnalise inter-relacionada. Comercio por vias ferreas e por cabotagem 1978/1979 [Parana, Brasil]
260 3 _aCuritiba, PR (Brasil):
_c1980.
300 _a56 p.
500 _a5 ref.
650 _aTRANSPORTE FERROVIARIO
650 _aCOMERCIO POR CABOTAGEM
650 _aPARANA
909 _a202309
_bLucia
_c55
_dLucia Elande
942 _cBK
999 _c30026
_d30026